书目信息 |
| 题名: |
追寻逝去的时光
|
|
| 作者: | 普鲁斯特 原著 ;周克希 , 厄埃 , 布雷泽 , 多雷 译 | |
| 分册: | ||
| 出版信息: | 北京 人民文学出版社 2006 |
|
| 页数: | 166页 | |
| 开本: | 28cm | |
| 丛书名: | ||
| 单 册: | ||
| 中图分类: | J238.2(565) | |
| 科图分类: | ||
| 主题词: | 连环画--法国--现代 , 连环画 | |
| 电子资源: | ||
| ISBN: | 7-02-005484-6 | |
| 000 | 01030nam0 2200277 450 | |
| 001 | 1231668518 | |
| 005 | 20121020084926.81 | |
| 010 | @a7-02-005484-6@dCNY39.90 | |
| 100 | @a20061026d2006 em y0chiy50 ea | |
| 101 | 1 | @achi@cfre |
| 102 | @aCN@b110000 | |
| 105 | @aa t 000yy | |
| 200 | 1 | @a追寻逝去的时光@Azhui xun shi qu de shi guang@dA la recherche du temps perdu@f(法)马塞尔·普鲁斯特原著@g周克希译@g(法)斯泰凡·厄埃,(法)斯丹尼斯拉·布雷泽改编@g(法)斯泰凡·厄埃,(法)维罗妮可·多雷绘图@zfre |
| 210 | @a北京@c人民文学出版社@d2006 | |
| 215 | @a166页@c图@d28cm | |
| 510 | 1 | @aLa recherche du temps perdu@zfre |
| 606 | 0 | @a连环画@y法国@z现代 |
| 606 | 0 | @a连环画 |
| 690 | @aJ238.2(565)@v4 | |
| 701 | 0 | @c(法)@a普鲁斯特@Apu lu si te@c(Proust, Marcel@f1871~1922)@4原著 |
| 702 | 0 | @a周克希@Azhou ke xi@f(1942~)@4译 |
| 702 | 0 | @c(法)@a厄埃@Ae ai@4改编/绘图 |
| 702 | 0 | @c(法)@a布雷泽@Abu lei ze@4改编 |
| 702 | 0 | @c(法)@a多雷@Aduo lei@c(绘图)@4绘图 |
| 801 | 0 | @aCN@bNLC@c20101222 |
| 905 | @a10447@dJ238.2(565)@eJY64 | |
| 追寻逝去的时光=A la recherche du temps perdu/(法)马塞尔·普鲁斯特原著/周克希译/(法)斯泰凡·厄埃,(法)斯丹尼斯拉·布雷泽改编/(法)斯泰凡·厄埃,(法)维罗妮可·多雷绘图.-北京:人民文学出版社,2006 |
| 166页:图;28cm |
| ISBN 7-02-005484-6:CNY39.90 |
| ● |
| 相关链接 |
|
|
|
|
正题名:追寻逝去的时光
索取号:J238.2(565)/JY64
 
预约/预借
| 序号 | 登录号 | 条形码 | 馆藏地/架位号 | 状态 | 备注 |
| 1 | 7832705 | 278327053 | 学院路分馆/ [索取号:J238.2(565)/JY64] | 在馆 | |
| 2 | 7832706 | 278327062 | 学院路分馆/ [索取号:J238.2(565)/JY64] | 在馆 |